Reglamento General de Estudios de Pre-Grado
Gespeichert in:
| Körperschaft: | |
|---|---|
| Format: | Buch |
| Sprache: | Spanisch |
| Veröffentlicht: |
Valparaíso
Pontificia Universidad Católica de Valparaíso
1998
|
| Ausgabe: | 1a. ed |
| Schlagworte: | |
| Tags: |
Tag hinzufügen
Keine Tags, Fügen Sie den ersten Tag hinzu!
|
MARC
| LEADER | 00000nam a2200000 a 4500 | ||
|---|---|---|---|
| 001 | UCH9832 | ||
| 003 | CL-VaPUC | ||
| 008 | 100121e19980000CL |||||||||||||||||spa|d | ||
| 082 | 0 | 4 | |a 378.194 |b UNI |2 21 |
| 110 | 2 | |a Pontificia Universidad Católica de Valparaíso |e author |9 547155 | |
| 245 | 1 | 0 | |a Reglamento General de Estudios de Pre-Grado |
| 250 | |a 1a. ed | ||
| 300 | |a 19 p | ||
| 942 | |c BK | ||
| 945 | |d 20100121 00:00:00 |a dcastane | ||
| 260 | |a Valparaíso |b Pontificia Universidad Católica de Valparaíso |c 1998 | ||
| 650 | 0 | |a Educación superior |9 223851 | |
| 650 | 7 | |a REGLAMENTO DE ESTUDIOS |2 CL-VaPUC |9 547156 | |
| 650 | 0 | |a Currículo |9 307290 | |
| 583 | |a last modification |c 20100121 00:00:00 |k Rodrigo Vera | ||
| 999 | |c 339719 |d 339717 | ||
| 952 | |0 0 |1 0 |4 0 |6 378_194000000000000_UNI_1998 |7 0 |8 P |9 433522 |a BIBEDU |b BIBEDU |c BIBEDU_PB |d 2019-11-22 |i 4638026 |o 378.194 UNI 1998 |p 4638026 |r 2019-11-22 |w 2019-11-22 |y BK |k BME | ||